Vplyv mikroklimatických podmienok na ľudský organizmus

Bibliographic Details
Main Author: Bršiak, Viliam (Author)
Format: Article
Language:Slovak
ISSN:1322-8347
Subjects:

MARC

LEADER 00000nab a2200000 a 4500
001 vtls000697362
003 SK-MaSNL
005 20260304093852.0
008 250425c1999 xo 0 slo
015 |a SNBRB1999/06-17984 
035 |a CLN000049529 
035 |a urn:nbn:sk:snk-abahy2 
035 |a (urnnbn)urn:nbn:sk:snk:ar-a0aos8 
035 |a (uuid)bd357484-78af-48c9-b488-47958ae5bbc9 
040 |a SNKBUCL  |b slo  |c SNKBUCL  |e AACR2 
041 0 |a slo 
044 |a xo  |c SK 
080 |a 628.87  |2 1997 
080 |a 614.873  |2 1997 
080 |a 612.53  |2 1997 
100 1 |a Bršiak, Viliam  |4 aut  |9 296973 
245 1 0 |a Vplyv mikroklimatických podmienok na ľudský organizmus  |c Viliam Bršiak 
504 |a Res. angl., nem. 
650 0 7 |a organizmus ľudský  |x rovnováha tepelná  |x mikroklíma  |2 snkbucl  |9 1389563 
650 0 7 |a kryptoklíma  |2 snkbucl  |9 16940 
655 7 |a články z novín a časopisov  |2 snkbucl  |9 267496 
773 0 |t Bezpečná práca  |g Roč. 30, č. 4 (1999), s. 6-8  |x 1322-8347 
850 |a Slovenská národná knižnica 
852 |a Slovenská národná knižnica 
954 |a odborná, vedecká literatúra pôvodná (slovenská)  |2 lita 
958 |a article14 
958 |a OND 
958 |a EUIPO 
992 |a RBX 
999 |c 2824824  |d 2826754